Global View of HIV Infection (Record no. 8252)

MARC details
000 -LEADER
fixed length control field 00361nam a2200109Ia 4500
008 - FIXED-LENGTH DATA ELEMENTS--GENERAL INFORMATION
fixed length control field 220615s9999||||xx |||||||||||||| ||und||
245 #0 - TITLE STATEMENT
Title Global View of HIV Infection
546 ## - LANGUAGE NOTE
Language note English[eng]
650 ## - SUBJECT ADDED ENTRY--TOPICAL TERM
Topical term or geographic name entry element Infectious & contagious diseases
700 ## - ADDED ENTRY--PERSONAL NAME
Personal name Venketaraman, Vishwanath
856 ## - ELECTRONIC LOCATION AND ACCESS
Uniform Resource Identifier <a href="https://mts.intechopen.com/storage/books/633/authors_book/authors_book.pdf">https://mts.intechopen.com/storage/books/633/authors_book/authors_book.pdf</a>

No items available.